<?xml version="1.0" encoding="UTF-8"?>
<collection xmlns="http://www.loc.gov/MARC21/slim">
 <record>
  <leader>00949pam a22002418a 4500</leader>
  <controlfield tag="001">00023157</controlfield>
  <controlfield tag="005">20171026081022.0</controlfield>
  <controlfield tag="008">110613s1978                  ||||||Viesd</controlfield>
  <datafield tag="041" ind1="0" ind2="#">
   <subfield code="a">Vie</subfield>
  </datafield>
  <datafield tag="082" ind1="1" ind2="4">
   <subfield code="a">895.922 334</subfield>
   <subfield code="b">H430Đ</subfield>
  </datafield>
  <datafield tag="100" ind1="0" ind2="#">
   <subfield code="a">Anh Đức</subfield>
  </datafield>
  <datafield tag="245" ind1="1" ind2="0">
   <subfield code="a">Hòn đất</subfield>
   <subfield code="b">Tiểu thuyết</subfield>
   <subfield code="c">Anh Đức</subfield>
  </datafield>
  <datafield tag="260" ind1="#" ind2="#">
   <subfield code="a">Hà Nội</subfield>
   <subfield code="b">Giáo dục</subfield>
   <subfield code="c">1978</subfield>
  </datafield>
  <datafield tag="300" ind1="#" ind2="#">
   <subfield code="a">268 tr.</subfield>
   <subfield code="c">24 cm.</subfield>
  </datafield>
  <datafield tag="490" ind1="0" ind2="#">
   <subfield code="a">Tác phẩm chọn lọc dùng trong nhà trường</subfield>
  </datafield>
  <datafield tag="650" ind1="#" ind2="4">
   <subfield code="a">Văn học hiện đại</subfield>
   <subfield code="x">Tiểu thuyết</subfield>
   <subfield code="z">Việt Nam</subfield>
  </datafield>
  <datafield tag="852" ind1="#" ind2="#">
   <subfield code="b">Kho mượn</subfield>
   <subfield code="j">KM.0012239, KM.0012240, KM.0012241, KM.0012242, KM.0012243, KM.0012244, KM.0003623</subfield>
  </datafield>
  <datafield tag="852" ind1="#" ind2="#">
   <subfield code="b">Kho đọc</subfield>
   <subfield code="j">KD.0009357</subfield>
  </datafield>
  <datafield tag="852" ind1="#" ind2="#">
   <subfield code="j">KM.0012239</subfield>
   <subfield code="j">KM.0012241</subfield>
   <subfield code="j">KM.0012242</subfield>
   <subfield code="j">KM.0003623</subfield>
   <subfield code="j">KD.0009357</subfield>
   <subfield code="j">KM.0012243</subfield>
   <subfield code="j">KM.0012240</subfield>
   <subfield code="j">KM.0012244</subfield>
  </datafield>
  <datafield tag="910" ind1="0" ind2="#">
   <subfield code="a">nhnam</subfield>
   <subfield code="d">13/06/2011</subfield>
  </datafield>
  <datafield tag="980" ind1="#" ind2="#">
   <subfield code="a">Trung tâm Học liệu Lê Vũ Hùng, Trường Đại học Đồng Tháp</subfield>
  </datafield>
 </record>
</collection>
